00711nam a2200205Ia 4500003000400000005001700004008004100021020001800062040001800080041000800098082002400106100003900130245017100169250001200340260004400352300002600396650002800422650002800450650002700478OSt20251025111154.0210716s2016 xx 000 0 und d a9781785885006 cAIMIT LIBRARY aeng a005.76821 21bTHOR aThottuvaikkatumana, Rajanarayanan. aApache spark 2 for beginners : bdevelop large scale distributed data processing application using spark 2 in scala and python /cBy Rajanarayanan Thottuvaikkatumana. a1st ed. aMumbai :bPackt Publishing Ltd ,c2016. aiv,316p. ;bPBc24 cm aSpark programming model aSpark stream processing aSpark machine learning